000 00558nam a2200217Ia 4500
003 OSt
005 20250715153632.0
008 210210b2007 xxu||||| |||| 00| 0 eng d
020 _a0070585482
040 _cAL
041 _aeng
082 _a658.15 PRAF
100 _aPrasanna Chandra
_958056
245 _aFinancial management
_b: theory and practice
250 _a6
260 _aNew Delhi
_bTata McGraw-Hill Publishing Company Ltd
_c2007
300 _axxix,1155p.
690 _aFinancial Management
_958057
906 _a062181
942 _2ddc
_cBK
999 _c116942
_d116942